Nhà văn

Tiền thân nhan đề là Văn học nước ngoài; Tháng 7/2013 nhan đề là nhà văn và tác phẩm

Guardado en:
Detalles Bibliográficos
Autor principal: Hội Nhà văn Việt Nam
Formato: Libro
Lenguaje:Undetermined
Publicado: Hà Nội
Materias:
Acceso en línea:http://lrc.tdmu.edu.vn/opac/search/detail.asp?aID=2&ID=6862
Etiquetas: Agregar Etiqueta
Sin Etiquetas, Sea el primero en etiquetar este registro!
Thư viện lưu trữ: Trung tâm Học liệu Trường Đại học Thủ Dầu Một
LEADER 00706nam a2200169Ia 4500
001 TDMU_6862
008 210410s9999 xx 000 0 und d
082 |a NULL 
100 |a Hội Nhà văn Việt Nam 
245 0 |a Nhà văn 
245 0 |c Hội Nhà văn Việt Nam 
260 |a Hà Nội 
300 |a 162tr 
520 |a Tiền thân nhan đề là Văn học nước ngoài; Tháng 7/2013 nhan đề là nhà văn và tác phẩm 
650 |a Tạp chí Nhà văn ; Tạp chí của Hội Nhà văn Việt Nam 
856 |u http://lrc.tdmu.edu.vn/opac/search/detail.asp?aID=2&ID=6862 
980 |a Trung tâm Học liệu Trường Đại học Thủ Dầu Một